000 00605nam a2200193 i 4500
001 128545
003 ES-MaACL
005 20250719063314.0
007 t|
008 070518s1920 sp ||||1| spa d
080 _a821.214.32-34"19"
100 1 _aTagore, Rabindranath,
_d1861-1941
_9109071
245 1 0 _aMashi y otros cuentos /
_cRabindranath Tagore ; traducción de Zenobia Camprubí de Jiménez.
260 _aMadrid :
_b[Fortanet],
_c1920.
300 _a177 p. ;
_c19 cm.
700 1 _aCamprubí de Jiménez, Zenobia.
_934307
852 _aES-MaACL
_jF-2355
999 _c128545
_d128545